000 00489nam a22001937a 4500
003 MPLRDC
005 20220104153558.0
008 210129b ||||| |||| 00| 0 eng d
020 _a7-80028-565-0
082 _a855 YQY-26 v.2
100 _a余秋雨主编
245 _a千禧之旅-下卷
_c
250 _a初版
260 _a中国
_b现代出版社
_c2000
300 _b
490 _a现代. 凤凰丛书
650 _a散文;随笔、日记
942 _cBK
_o855 YQY-26 v.2
999 _c53510
_d53500